Celebrity Conspiracy Theories - Statistics

General Stats
  • This quiz has been taken 201 times
  • The average score is 8 of 16
Answer Stats
Hint Answer % Correct
The CIA was involved in the death of this "blonde bombshell" Marilyn Monroe
87%
This actor, known for his role in The Matrix, is immortal Keanu Reeves
78%
This musician is not actually blind Stevie Wonder
77%
This legendary singer faked her 2011 pregnancy Beyoncé
66%
The above's husband is in the Illuminati Jay-Z
66%
This singer's meltdown was orchestrated by the Bush administration to distract the public from its mistakes Britney Spears
54%
These two British boy band members are secretly in a romantic relationship Harry Styles / Louis Tomlinson
52%
Khloé Kardashian is the daughter of this infamous former football player O.J. Simpson
52%
This Canadian singer took her own life in 2003 and was replaced by a body double named Melissa Avril Lavigne
48%
This American actress and her husband are the reincarnation of a famous English playwright and his wife, who bears the same name Anne Hathaway
41%
This actress' elegant fall at the 2013 Oscars was faked for attention Jennifer Lawrence
40%
This film producer and actor, star of the movie Renfield, is in fact, a vampire Nicolas Cage
30%
This Glee actress is unable to read Lea Michele
27%
JonBenét Ramsey is alive and now goes by this stage name Katy Perry
21%
Several male stars, notably this grey-haired actor, had to be hospitalized to get a gerbil removed from their rectums Richard Gere
20%
This lovable television host served as a sniper in the Vietnam War and killed dozens of people Mr. Rogers
16%
No matching quizzes found
Score Distribution
Percent of People with Each Score
Percentile by Number Answered
Your Score History
You have not taken this quiz